Hypoúver : lacnejšie to už nebude

Hypotekárne úvery na Slovensku - boom v tejto oblasti ešte len čaká. Výhody stavebného a hypotekárneho úveru. Top ponuky hypotekárnych úverov z desiatich bánk, ktoré v súčasnosti pôsobia v tejto oblasti na slovenskom trhu.

Gespeichert in:
Bibliographische Detailangaben
1. Verfasser: Krištofičová, Dagmar
Format: Buchkapitel
Sprache:Slowakisch
Schlagworte:
Tags: Tag hinzufügen
Keine Tags, Fügen Sie das erste Tag hinzu!

MARC

LEADER 00000naa$a2200000$$$4500
001 0001613
005 20230920090937.9
041 0 |a slo 
044 |a SK 
245 1 0 |a Hypoúver : lacnejšie to už nebude  |c aut. Dagmar Krištofičová 
520 |a Hypotekárne úvery na Slovensku - boom v tejto oblasti ešte len čaká. Výhody stavebného a hypotekárneho úveru. Top ponuky hypotekárnych úverov z desiatich bánk, ktoré v súčasnosti pôsobia v tejto oblasti na slovenskom trhu. 
610 2 0 |a úver hypotekárny 
610 2 0 |a úver stavebný 
610 2 0 |a Slovensko 
610 2 0 |a banky 
100 1 |a Krištofičová, Dagmar